ბათუმის შოთა რუსთაველის სახელმწიფო უნივერსიტეტის ბიბლიოთეკა

ტრაპიზონის იმპერიის იშვიათი მონეტები = Rare coins of the Trebizond Empire / (ბიბ.ჩანაწერი № 59853)

000 -ლიდერი
ფიქსირებული სიგრძის საკონტროლო ველი 01151nam a22002297a 4500
003 - საკონტროლო ნომრის იდენტიფიკატორი
საკონტროლო ველი Ge_BSU
005 - ბოლო ოპერაციის თარიღი და დრო
საკონტროლო ველი 20230501101919.0
008 - ფიქსირებული სიგრძის მონაცემთა ელემენტები - ზოგადი ინფორმაცია
ფიქსირებული სიგრძის საკონტროლო ველი 230428s2006 ge ||||| |||| 00| 0 geo d
020 ## - წიგნის საერთაშორისო სტანდარტული ნომერი
International Standard Book Number 9994055283
041 ## - ენის კოდი
Language code of text/sound track or separate title geo
080 ## - უნივერსალური ათობითი კლასიფიკაციის ინდექსი
Universal Decimal Classification number 737.11(495)"01/04" +94(495)"01/04" პ-21
100 ## - მთავარი ჩანაწერი - პიროვნების სახელი
Personal name პატარიძე, მაია
9 (RLIN) 17860
245 ## - ცნობა სათაურის შესახებ
Title ტრაპიზონის იმპერიის იშვიათი მონეტები = Rare coins of the Trebizond Empire /
Statement of responsibility, etc მაია პატარიძე, გიორგი ჯანჯღავა; [რედ.: თედო დუნდუა].
264 ## - წარმოების, გამოცემის, დისტრიბუციის და სხვა ცნობები
გამოცემის, წარმოების, დისტრიბუციის... ადგილი თბილისი :
გამოცემის, წარმოების, დისტრიბუციის... სახელწოდება არტანუჯი,
გამოცემის, წარმოების, დისტრიბუციის... თარიღი 2006.
300 ## - ფიზიკური აღწერა
Extent 77გვ. :
Other physical details ტაბ. ;
Dimensions 20სმ.
520 ## - SUMMARY, ETC.
Summary, etc რეზ. რუს. ენ.
653 ## - INDEX TERM--UNCONTROLLED
Uncontrolled term ბიზანტიური მონეტები
653 ## - INDEX TERM--UNCONTROLLED
Uncontrolled term ტრაპიზონის იმპერიის ისტორია
700 ## - ADDED ENTRY--PERSONAL NAME
Personal name ჯანჯღავა, გიორგი
Relator term ავტორი
9 (RLIN) 17861
700 ## - ADDED ENTRY--PERSONAL NAME
Personal name დუნდუა, თედო
Relator term რედაქტორი
9 (RLIN) 3483
942 ## - ADDED ENTRY ELEMENTS (KOHA)
Source of classification or shelving scheme
Koha item type წიგნი
ეგზემპლარები
ჩამოწერის სტატუსი დაკარგული ეგზემპლარის სტატუსი კლასიფიკაციის წყარო ან თაროზე გაწყობის სქემა დაზიანების სტატუსი არ გაიცემა მუდმივი მდებარეობა (დაცვის ადგილი) ამჟამინდელი ადგილსამყოფელი თაროზე განთავსების ადგილი შეძენის თარიღი ღირებულება, შესყიდვის ნორმალური ფასი სრული შენახვის შიფრი შტრიხკოდი ბოლო ოპერაციის თარიღი ეგზემპლარის მიმდევრობითი ნომერი (კეტერი?) Uniform Resource Identifier ფასის ძალაში შესვლის თარიღი ეგზემპლარის სახეობა საჯარო შენიშვნა
          ბათუმის შოთა რუსთაველის სახელმწიფო უნივერსიტეტის მთავარი ბიბლიოთეკა ბათუმის შოთა რუსთაველის სახელმწიფო უნივერსიტეტის მთავარი ბიბლიოთეკა წიგნსაცავი 2023-04-28 7.00 737.11(495) 64294 2023-04-28 64294 ბსუ-ს საპატიო დოქტორის გურამ ლორთქიფანიძის საჩუქარი 2023-04-28 წიგნი 7 ლ.
          ბათუმის შოთა რუსთაველის სახელმწიფო უნივერსიტეტის მთავარი ბიბლიოთეკა ბათუმის შოთა რუსთაველის სახელმწიფო უნივერსიტეტის მთავარი ბიბლიოთეკა წიგნსაცავი 2023-04-28 7.00 737.11(495) 64297 2023-04-28 64297 ბსუ-ს საპატიო დოქტორის გურამ ლორთქიფანიძის საჩუქარი 2023-04-28 წიგნი 7 ლ.